<?xml version="1.0" encoding="UTF-8"?>
<collection xmlns="http://www.loc.gov/MARC21/slim">
 <record>
  <leader>01586nam a2200337   4500</leader>
  <controlfield tag="001">000016327</controlfield>
  <controlfield tag="003">12727</controlfield>
  <controlfield tag="005">20120828090843.0</controlfield>
  <controlfield tag="008">120828s2007                        viesd</controlfield>
  <datafield tag="020" ind1=" " ind2=" ">
   <subfield code="c">25000đ</subfield>
  </datafield>
  <datafield tag="041" ind1="0" ind2=" ">
   <subfield code="a">vie</subfield>
  </datafield>
  <datafield tag="082" ind1=" " ind2=" ">
   <subfield code="a">495.92281</subfield>
   <subfield code="b">ĐO-C</subfield>
  </datafield>
  <datafield tag="100" ind1="0" ind2=" ">
   <subfield code="a">Đỗ Hữu Châu</subfield>
   <subfield code="e">Tác giả</subfield>
  </datafield>
  <datafield tag="245" ind1=" " ind2="0">
   <subfield code="a">Từ vựng ngữ nghĩa tiếng việt</subfield>
   <subfield code="c">Đỗ Hữu Châu</subfield>
  </datafield>
  <datafield tag="260" ind1=" " ind2=" ">
   <subfield code="a">H.</subfield>
   <subfield code="b">Đại Học Quốc Gia Hà Nội</subfield>
   <subfield code="c">2007</subfield>
  </datafield>
  <datafield tag="300" ind1=" " ind2=" ">
   <subfield code="a">310 tr.</subfield>
   <subfield code="c">21 cm</subfield>
  </datafield>
  <datafield tag="504" ind1=" " ind2=" ">
   <subfield code="a">Thư mục tr: 302-305</subfield>
  </datafield>
  <datafield tag="520" ind1=" " ind2=" ">
   <subfield code="a">Đơn vị từ vựng: từ tiếng Việt - đặc điểm ngữ âm và ngữ pháp, đặc điểm cấu tạo từ, ngữ cố định. ý nghĩa của từ: chức năng tín hiệu học và ý nghĩa, các thành phần ý nghĩa trong từ, ý nghĩa biểu vật, ý nghĩa biểu niệm và ý nghĩa biểu thái...Hệ thống từ vựng và hệ thống ngữ nghĩa: đồng nghĩa, trái nghĩa, đồng âm...Hệ thống từ vựng: thuật ngữ khoa học kỹ thuật và từ nghề nghiệp, biệt ngữ, từ vựng địa phương...Giảng dạy từ vựng - ngữ nghĩa trong nhà trường: dạy từ và từ vựng, phân tích từ ngữ trong giảng văn.</subfield>
  </datafield>
  <datafield tag="653" ind1=" " ind2=" ">
   <subfield code="a">Tiếng việt</subfield>
  </datafield>
  <datafield tag="653" ind1=" " ind2=" ">
   <subfield code="a">Ngôn ngữ học</subfield>
  </datafield>
  <datafield tag="653" ind1=" " ind2=" ">
   <subfield code="a">Ngữ nghĩa</subfield>
  </datafield>
  <datafield tag="653" ind1=" " ind2=" ">
   <subfield code="a">Từ vựng</subfield>
  </datafield>
  <datafield tag="910" ind1=" " ind2=" ">
   <subfield code="a">Thương</subfield>
   <subfield code="d">19/10/2011</subfield>
  </datafield>
  <datafield tag="OWN" ind1=" " ind2=" ">
   <subfield code="a">LSP</subfield>
  </datafield>
  <datafield tag="999" ind1=" " ind2=" ">
   <subfield code="a">From the UDN01</subfield>
  </datafield>
  <datafield tag="TYP" ind1=" " ind2=" ">
   <subfield code="a">Monograph</subfield>
  </datafield>
  <datafield tag="TYP" ind1=" " ind2=" ">
   <subfield code="a">Printed language</subfield>
  </datafield>
  <datafield tag="980" ind1=" " ind2=" ">
   <subfield code="a">Mạng thư viện Đại học Đà Nẵng</subfield>
  </datafield>
 </record>
</collection>
<br />
<b>Warning</b>:  fopen(C:\Windows\TEMP\vufind_sessions/sess_7ghns05i418ph5cc2ogpcqjj35): failed to open stream: No space left on device in <b>C:\vufind\module\VuFind\src\VuFind\Session\File.php</b> on line <b>151</b><br />
Cannot write session to C:\Windows\TEMP\vufind_sessions/sess_7ghns05i418ph5cc2ogpcqjj35
<br />
<b>Warning</b>:  session_write_close(): Failed to write session data using user defined save handler. (session.save_path: \xampp\tmp) in <b>C:\vufind\vendor\laminas\laminas-session\src\SessionManager.php</b> on line <b>235</b><br />
